[Event "Levitov Chess Week Rapid 2019"]
[Site "Amsterdam"]
[Date "2019.08.05"]
[Round "5.4"]
[White "Nepomniachtchi, Ian"]
[Black "Anand, Viswanathan"]
[Result "1-0"]
[WhiteElo "2775"]
[BlackElo "2764"]
[Annotator "TA"]
[PlyCount "67"]
[EventDate "2019.08.04"]
[EventType "tourn"]
[EventCountry "NED"]
[SourceTitle "playchess.com"]
[Source "ChessBase"]
[SourceQuality "1"]

{[%evp 9,67,18,11,18,18,22,12,15,13,20,18,16,29,26,28,25,29,27,54,41,39,40,46,40,58,31,72,53,50,47,51,51,56,42,39,39,57,54,82,87,114,103,104,100,108,109,126,124,113,126,124,123,122,158,122,96,190,189,431,414]} 1. c4 e5 2. Nc3 Bb4 3. Nd5 Be7 4. d4 exd4 5. Qxd4 Nf6 6. Nxe7 {A21: English Opening: 1...e5 2 Nc3} Qxe7 7. Bg5 Nc6 8. Qc3 {The position is equal.} Ne5 9. Nf3 $146 (9. g3 d6 10. Bg2 h6 11. Bxf6 Qxf6 12. Nh3 Bxh3 13. Bxh3 {1-0 (65) Dubov,D (2703)-Erdos,V (2612) Skopje 2019}) 9... d6 10. Nxe5 Qxe5 11. Qxe5+ dxe5 12. g3 Be6 13. b3 Ne4 14. Be3 O-O-O 15. Bg2 f5 $1 16. f3 ({Not} 16. Bxa7 $2 b6 $19) 16... Nf6 17. Bd2 ({Wrong is} 17. Bxa7 $2 b6 $19) 17... e4 18. O-O-O Rhf8 19. Bc3 Rxd1+ 20. Rxd1 g6 21. Kd2 Bd7 22. Ke3 exf3 23. exf3 Nh5 24. Kf2 $36 {[%mdl 2048] Black is under strong pressure.} Bc6 25. Bf1 Nf6 26. b4 {[%cal Bb3b4,Bb4b5][%mdl 32]} b6 27. Re1 Kd7 28. b5 Bb7 29. a4 a6 {[#]} 30. c5 $1 {[%mdl 512] Black must now prevent c6+.} axb5 (30... bxc5 31. bxa6) 31. Bxb5+ c6 32. Bc4 {Threatens to win with Be6+.} bxc5 (32... Nd5 $16) 33. Rb1 $18 Ba8 $2 {[#]} (33... Kc8 {was called for.} 34. a5 Nd5) 34. Bxf6 {Accuracy: White = 84%, Black = 52%.} 1-0

[Event "Levitov Chess Week Rapid 2019"]
[Site "Amsterdam"]
[Date "2019.08.06"]
[Round "6.1"]
[White "Svidler, Peter"]
[Black "Kramnik, Vladimir"]
[Result "0-1"]
[WhiteElo "2737"]
[BlackElo "2753"]
[Annotator "TA"]
[PlyCount "38"]
[EventDate "2019.08.04"]
[EventType "tourn"]
[EventCountry "NED"]
[SourceTitle "playchess.com"]
[Source "ChessBase"]
[SourceQuality "1"]

{[%evp 26,38,-56,-53,-68,-152,-80,-328,-332,-335,-339,-590,-598,-593,-593]} 1. c4 e6 2. Nf3 Nf6 3. b3 b6 4. Bb2 Bb7 5. e3 Be7 6. d4 O-O 7. Bd3 c5 8. O-O cxd4 9. exd4 d5 10. Nc3 dxc4 11. bxc4 Nc6 12. Rc1 Rc8 13. Qe2 Nb4 14. Bb1 Bxf3 $1 {E14: Queen's Indian: Classical Variation (4 e3)} 15. gxf3 (15. Qxf3 $15 Rxc4 16. a3) 15... Nh5 {[#]} ({And not} 15... Qxd4 16. Ne4 $11) (15... Bd6 $142 $1 {White must now prevent ...Nh5.} 16. Rfe1 Nh5) 16. a3 $146 (16. Qe4 $17 {was called for.} Nf6 17. Qh4) ({Predecessor:} 16. Ne4 b5 17. a3 Nc6 18. cxb5 Nxd4 19. Qd3 Rxc1 20. Rxc1 e5 21. Ng3 Nf6 22. f4 exf4 23. Ne4 {1-0 (23) Radulski,J (2529)-Mateo,R (2410) Andorra 2002}) 16... Bd6 $1 $19 {( -> ...Qg5+)} 17. f4 (17. axb4 {gets mated.} Qg5+ 18. Kh1 {[#]} Qf4 $1 {[%mdl 512]} 19. Bxh7+ Kh8 $1 {[%mdl 512]} 20. Qe5 Bxe5 21. dxe5 Qxf3+ 22. Kg1 Nf4 23. h4 Qg2#) 17... Qh4 (17... Nxf4 $2 18. Qe4 $19) 18. f3 $2 (18. Qf3 {might work better.} Bxf4 19. h3 Bxc1 20. Rxc1) 18... Nxf4 19. Qd2 {[#]} Nbd3 $1 {[%mdl 512]} 0-1

[Event "Levitov Chess Week Rapid 2019"]
[Site "Amsterdam"]
[Date "2019.08.06"]
[Round "6.2"]
[White "Grischuk, Alexander"]
[Black "Anand, Viswanathan"]
[Result "1-0"]
[WhiteElo "2766"]
[BlackElo "2764"]
[Annotator "TA"]
[PlyCount "107"]
[EventDate "2019.08.04"]
[EventType "tourn"]
[EventCountry "NED"]
[SourceTitle "playchess.com"]
[Source "ChessBase"]
[SourceQuality "1"]

{[%evp 9,107,-4,10,8,15,9,16,8,19,22,26,6,12,9,28,26,41,43,37,31,46,33,79,71,77,72,64,67,87,77,84,69,72,70,76,78,86,84,93,97,93,60,51,48,51,54,57,59,46,50,41,43,50,53,72,45,37,0,131,0,0,0,0,0,114,114,180,173,181,166,239,239,251,251,252,80,80,80,80,0,80,0,80,80,80,80,123,43,43,0,120,43,167,80,288,269,370,347,506,466]} 1. Nf3 d5 2. d3 Nc6 3. Bf4 (3. Nbd2 e5 4. e4 Nf6 5. Be2 Bc5 6. Nb3 Bd6 7. exd5 Nxd5 8. O-O O-O 9. d4 Nxd4 10. Nfxd4 exd4 11. Nxd4 Be5 12. c3 c6 {½-½ (12) Indjic,A (2539)-Stevic,H (2606) Palic 2014}) 3... e6 $146 ({Predecessor:} 3... Bg4 4. e3 e5 5. h3 Bxf3 6. Qxf3 exf4 7. Qxf4 Qf6 8. Qxf6 Nxf6 9. a3 Bd6 10. d4 Ne4 {0-1 (21) Paul,K-Kalambuzi,P Kiwawu 2018}) 4. e3 Bd6 5. d4 Bxf4 6. exf4 {A06: Réti Opening:1 Nf3 d5} Qd6 7. Qd2 Nf6 8. c3 {The position is equal.} Ne4 9. Qe3 Ne7 10. Bd3 Nf5 11. Qc1 c5 (11... O-O {looks sharper.} 12. O-O b6 13. Re1 c5 14. Nbd2 Nf6) 12. dxc5 Nxc5 13. Bxf5 exf5 14. O-O O-O 15. Rd1 Ne6 16. g3 Bd7 17. Na3 {[%cal Bb1a3,Ba3c2,Bc2e3][%mdl 32]} Rac8 18. Nc2 Ba4 19. Rd2 g6 20. Ne3 Bc6 21. Qc2 Rfd8 22. Rad1 Nc5 23. c4 Ne4 24. Rd4 Qf6 25. Nxd5 Bxd5 26. Rxd5 Rxd5 27. Rxd5 Qc6 {And now ...Qxd5! would win.} 28. Rd3 b5 29. Ne5 Qe6 30. Qd1 bxc4 31. Rd8+ Rxd8 $1 32. Qxd8+ Kg7 33. Qd4 Qd6 (33... c3 $1 $11 {remains equal.} 34. Nc4+ (34. bxc3 Qxa2 35. c4 f6 $11) 34... Qf6 35. bxc3 (35. Qxa7 $2 c2 $19) 35... Qxd4 36. cxd4 Nc3) 34. Qxc4 (34. Qxa7 $16 Qd1+ 35. Kg2) 34... f6 $11 35. Nd3 $1 $36 {[%mdl 2048] Black is under pressure.} Nd2 36. Qb5 Nf3+ (36... Kh6 $11 {keeps the balance.} 37. Nc1 Qe6) 37. Kg2 $16 Qxd3 (37... Nd2 $16 {was called for.}) 38. Qb7+ $18 {[%mdl 64] [#] Double Attack} Kh6 {( -> ...Nd2)} 39. Qxf3 {[%mdl 4096] Endgame KQ-KQ} Qc2 (39... Qd7 $142 40. b4 Qb5) 40. Qb7 a5 41. h3 a4 42. Qb4 $2 (42. Qa8 $18 {Black must now prevent Qf8+.} Qxb2 43. Qxa4) 42... Qc6+ $16 43. Kg1 Qc1+ 44. Kg2 {Qf8+ is the strong threat.} Qc6+ 45. Kg1 Qc1+ $1 46. Kh2 {Threatening mate with Qf8+.} Qc2 47. Qd4 Kg7 48. Qa7+ (48. g4 $16) 48... Kh6 $1 $14 49. Qd4 ({Better is} 49. Qb6 $14) 49... Kg7 $16 50. Qb6 ({White should try} 50. g4 $16) 50... h5 {[#]} ({Black should play} 50... Qd2 $14) 51. h4 (51. Qb7+ $1 $18 {is more deadly.} Kg8 52. Kg2) 51... Qd2 $2 (51... Kh6 $16) 52. Qb7+ $18 Kh6 53. Kg2 Qc2 (53... Qd8 {was necessary.} 54. b4 axb3) 54. b3 {Accuracy: White = 62%, Black = 54%.} 1-0

[Event "Levitov Chess Week Rapid 2019"]
[Site "Amsterdam"]
[Date "2019.08.06"]
[Round "6.3"]
[White "Bareev, Evgeny"]
[Black "Gelfand, Boris"]
[Result "1-0"]
[WhiteElo "2643"]
[BlackElo "2676"]
[Annotator "TA"]
[PlyCount "67"]
[EventDate "2019.08.04"]
[EventType "tourn"]
[EventCountry "NED"]
[SourceTitle "playchess.com"]
[Source "ChessBase"]
[SourceQuality "1"]

{[%evp 13,79,13,0,0,35,33,46,40,46,43,41,38,49,35,41,35,39,37,37,37,105,98,90,91,52,25,41,40,41,24,194,167,251,245,249,208,183,161,207,184,159,135,136,111,52,-17,119,93,158,104,29986,29987,29991,29992,29993,29991,29991,5247,29991,29990,29990,569,1363,1406,1112,1094,29989,29990]} 1. d4 Nf6 2. c4 e6 3. Nf3 b6 4. Nc3 Bb7 5. Bf4 Be7 6. e3 Nh5 7. Bg3 d6 8. d5 {E12: Queen's Indian: Unusual White 4th moves, 4 a3, 4 Nc3 Bb7 5 a3 and 4 Nc3 Bb7} e5 9. Nd2 g6 10. Be2 {White is slightly better.} Nxg3 (10... Ng7 11. b4 O-O 12. Nb3 Nd7 13. f3 Bh4 14. Bxh4 Qxh4+ 15. g3 Qe7 {1-0 (44) Ponomariov,R (2687)-Michalik,P (2549) Czech Republic 2018}) 11. hxg3 ({Reject} 11. fxg3 Bg5 $15) 11... Nd7 12. g4 Bf6 13. Qc2 Bg7 14. O-O-O a6 $146 ({Predecessor:} 14... Qe7 15. Qa4 a6 {1-0 (40) Rychagov,A (2529)-Prince,B (2404) Paleochora 2018}) 15. Rh3 Qe7 16. Kb1 O-O-O (16... h6 $14) 17. e4 $16 Kb8 18. b4 Nf6 19. Nb3 Bc8 20. Rg3 h5 $1 {[%cal Rh5g4]} 21. g5 Nd7 $2 (21... Nh7 $1 $11) 22. c5 $18 dxc5 (22... h4 $142 23. cxb6 cxb6) 23. d6 cxd6 24. Nd5 Qe6 {White should prevent ...Bb7.} 25. b5 {[%cal Bb4b5,Bb5a6][%mdl 32]} Bb7 26. bxa6 Bxd5 27. Rxd5 Ka7 28. Bc4 {[%mdl 1024] And now Rxc5 would win. White has strong compensation.} Qe7 29. a4 (29. Rf3 $14) 29... Nb8 (29... Nf8 $1 $11) 30. Bb5 $1 $16 h4 ({Black should try} 30... Qc7) 31. Rgd3 (31. Rf3 $142) 31... Qxg5 $2 {[%mdl 8192]} (31... Qc7 $16) 32. a5 Bf8 33. axb6+ Kxb6 {[#]} 34. Rxd6+ {Played: Nb3xc5} 1-0

[Event "Levitov Chess Week Rapid 2019"]
[Site "Amsterdam"]
[Date "2019.08.06"]
[Round "6.4"]
[White "Giri, Anish"]
[Black "Nepomniachtchi, Ian"]
[Result "1-0"]
[WhiteElo "2779"]
[BlackElo "2775"]
[Annotator "TA"]
[PlyCount "67"]
[EventDate "2019.08.04"]
[EventType "tourn"]
[EventCountry "NED"]
[SourceTitle "playchess.com"]
[Source "ChessBase"]
[SourceQuality "1"]

{[%evp 9,81,0,5,11,10,7,6,0,13,0,33,32,20,16,26,-6,13,20,22,18,29,41,29,31,37,30,46,38,45,49,47,39,31,28,36,44,54,49,47,37,51,59,78,78,158,91,104,98,100,101,355,356,356,349,350,389,390,386,385,376,370,365,452,465,465,456,441,464,530,481,656,656,605,563]} 1. e4 c6 2. Nf3 d5 3. d3 dxe4 4. dxe4 Qxd1+ 5. Kxd1 Nf6 6. Nfd2 {B10: Caro-Kann: 2 d3 and 2 c4} (6. Nbd2 g6 7. c3 Bg7 8. Ne1 Ng4 9. Nd3 Nd7 10. Nc4 O-O 11. f3 Nge5 12. Ndxe5 Nxe5 {½-½ (82) Van Foreest,J (2612)-Martirosyan,H (2607) chess.com INT 2019}) 6... Ng4 7. Ke1 e5 8. Nc4 $146 {The position is equal.} ({Predecessor:} 8. Nb3 Nd7 9. f3 Ngf6 10. Be3 Bd6 11. N1d2 Ke7 12. a4 {½-½ (52) Piskur,M (2292)-Neuman,P (2476) Aschach 2010}) 8... b5 9. Ne3 Bc5 10. Nxg4 Bxg4 11. a4 b4 12. a5 Nd7 13. Bc4 Ke7 14. Nd2 Bd6 15. f3 Be6 16. Bxe6 Kxe6 ({Much worse is} 16... fxe6 $6 17. Nc4 $16) 17. Nc4 Rab8 18. Ke2 Bc5 19. Rd1 f6 20. Be3 (20. Bd2 {with more complications.} Rhd8 21. h3 Bd4 22. Be1 Ke7 23. Ra4) 20... Bxe3 $1 21. Kxe3 Ke7 22. Rd6 $36 {[%mdl 2048] White has good play.} Rhc8 23. Rad1 Nc5 24. g3 Rc7 25. f4 exf4+ 26. gxf4 Rb5 {[#]} (26... Nb7 $142) 27. Rg1 ({Better is} 27. Rd8 $1) 27... g6 $16 {[#]} 28. f5 $1 b3 29. c3 Kf7 $2 {[%mdl 8192]} (29... Nd7 $16) 30. e5 $18 fxe5 31. fxg6+ Kg7 32. gxh7+ ({Weaker is} 32. Nxe5 Re7 $16) 32... Kxh7 33. Rdg6 Rb8 {[#]} 34. Nxe5 {Played: Rg6-g5} 1-0

[Event "Levitov Chess Week Rapid 2019"]
[Site "Amsterdam"]
[Date "2019.08.06"]
[Round "7.1"]
[White "Anand, Viswanathan"]
[Black "Svidler, Peter"]
[Result "0-1"]
[WhiteElo "2764"]
[BlackElo "2737"]
[Annotator "TA"]
[PlyCount "46"]
[EventDate "2019.08.04"]
[EventType "tourn"]
[EventCountry "NED"]
[SourceTitle "playchess.com"]
[Source "ChessBase"]
[SourceQuality "1"]

{[%evp 10,46,30,13,12,8,7,19,12,23,15,10,1,-6,11,7,22,0,0,0,0,0,15,0,0,20,52,15,26,0,0,0,0,-147,-101,-117,-122,-289,-289]} 1. e4 c5 2. Nf3 d6 3. d4 cxd4 4. Nxd4 Nf6 5. Nc3 a6 6. Nb3 e6 $146 {B90: Sicilian Najdorf: Unusual White 6th moves, 6 Be3 Ng4 and 6 Be3 e5} (6... g6 7. Be3 Bg7 8. Qd2 Ng4 9. Bg5 h6 10. Bh4 g5 11. Bg3 Nc6 12. Be2 Nge5 13. h4 gxh4 14. Bxh4 {0-1 (35) Alekseenko,K (2638)-Nepomniachtchi,I (2763) St Petersburg 2018}) 7. g4 b5 8. a3 Bb7 {The position is equal.} 9. Bg2 Nfd7 10. g5 Nc6 11. h4 Rc8 12. f4 h6 13. Be3 hxg5 14. hxg5 Rxh1+ 15. Bxh1 Nb6 16. Qe2 Nc4 17. O-O-O Qc7 18. Bf2 g6 19. e5 (19. f5 $5) 19... dxe5 20. Ne4 {[#] Threatens to win with Nf6+.} Be7 21. Bc5 (21. Nbc5 $11) 21... Nd4 22. Nxd4 exd4 (22... Bxc5 $6 23. Nxc5 Bxh1 24. Nxa6 $11) 23. Bxe7 $2 (23. Bxd4 $17 Qxf4+ 24. Kb1) 23... Kxe7 {Accuracy: White = 38%, Black = 42%.} ({But not} 23... Qxe7 $2 24. Nf6+ Kf8 25. Rxd4 $18) (23... Qxf4+ 24. Kb1 $19) 0-1

[Event "Levitov Chess Week Rapid 2019"]
[Site "Amsterdam"]
[Date "2019.08.06"]
[Round "7.2"]
[White "Kramnik, Vladimir"]
[Black "Grischuk, Alexander"]
[Result "0-1"]
[WhiteElo "2753"]
[BlackElo "2766"]
[Annotator "TA"]
[PlyCount "84"]
[EventDate "2019.08.04"]
[EventType "tourn"]
[EventCountry "NED"]
[SourceTitle "playchess.com"]
[Source "ChessBase"]
[SourceQuality "1"]

{[%evp 10,84,0,-6,0,0,0,0,0,0,28,20,33,15,18,10,53,45,44,31,50,47,69,0,0,0,0,0,0,0,0,0,0,0,0,0,0,0,0,0,0,-35,-10,-71,0,0,28,-129,-114,-103,-120,-122,-116,-114,-107,-247,-194,-210,-153,-620,-291,-953,-941,-1287,-1231,-1350,-1331,-1161,-1126,-29975,-29976,-4886,-826,-29979,-29980,-29981,-29982]} 1. c4 e5 2. Nc3 Nf6 3. Nf3 Nc6 4. d3 d5 5. cxd5 Nxd5 6. e4 Nf6 {A28: English Opening: Four Knights Variation} 7. Be2 Bc5 8. Be3 Bb6 {The position is equal.} 9. h3 Nh5 $146 ({Predecessor:} 9... O-O 10. O-O Re8 11. Rc1 h6 12. Na4 Nd4 13. Nxd4 Bxd4 14. Qc2 {1-0 (52) Le,Q (2714)-Tan,Z (2508) Makati 2018}) 10. Qd2 Bxe3 11. fxe3 Ng3 12. Rg1 O-O 13. Bd1 $1 Be6 14. Ba4 Nb4 15. Kf2 Nh5 16. g4 (16. Rgd1 $1 $14) 16... Nxd3+ $11 17. Ke2 {[#]} Nhf4+ $1 {[%mdl 512]} 18. exf4 Nxf4+ {[%mdl 64] Double Attack} 19. Ke1 Qe7 {...Rad8 is the strong threat.} 20. Qe3 Rad8 {Hoping for ...Rd3.} 21. Rd1 (21. Nxe5 $2 Qg5 $19) 21... Nxh3 22. Rg3 {aiming for Rxd8.} Nf4 23. a3 (23. Nxe5 Qg5 $17) 23... c6 24. Bc2 ({Don't blunder} 24. Nxe5 $2 Qg5 $19) 24... b5 25. Kf2 {Strongly threatening Rxd8.} ({Avoid the trap} 25. Nxe5 $2 Qg5 $19) 25... f6 26. Ne2 (26. Rxd8 $11 {remains equal.} Rxd8 27. Ne2) 26... g5 ({Better is} 26... Rxd1 $17 27. Bxd1 Qd7) 27. Qc3 a5 28. b4 $2 ({White should try} 28. Rxd8 $1 $11 Rxd8 29. Qxa5) 28... axb4 $17 29. axb4 {[#]} Rxd1 $1 30. Bxd1 {[#]} c5 $1 {[%mdl 512]} 31. Nxf4 (31. bxc5 b4) 31... cxb4 32. Qb2 (32. Nd5 $17 Bxd5 33. Qe3) 32... Qc5+ 33. Kg2 exf4 34. Nd4 $2 (34. Bb3 $17 Bxb3 35. Qxb3+ Rf7 36. Rh3) 34... Qe5 ({Weaker is} 34... fxg3 35. Nxe6 Qd6 36. Nxf8 $11) (34... Bc4 $142 35. Rh3 Rd8) 35. Qxb4 $2 (35. Rb3 Bc4 36. Bf3) 35... Bc4 $19 36. Nc6 Qxe4+ {[%mdl 64] Double Attack} 37. Bf3 Qc2+ 38. Kh3 fxg3 {[%csl Gg3][%cal Rc2h2]} 39. Ne7+ Kf7 {[%csl Gg3][%cal Rc2h2]} 40. Kxg3 Qb3 41. Qe1 Re8 42. Qh1 Kxe7 {Accuracy: White = 51%, Black = 67%.} 0-1

[Event "Levitov Chess Week Rapid 2019"]
[Site "Amsterdam"]
[Date "2019.08.06"]
[Round "7.3"]
[White "Nepomniachtchi, Ian"]
[Black "Bareev, Evgeny"]
[Result "1-0"]
[WhiteElo "2775"]
[BlackElo "2643"]
[Annotator "TA"]
[PlyCount "39"]
[EventDate "2019.08.04"]
[EventType "tourn"]
[EventCountry "NED"]
[SourceTitle "playchess.com"]
[Source "ChessBase"]
[SourceQuality "1"]

{[%evp 21,39,12,17,15,58,47,79,80,222,202,211,212,222,211,171,172,236,227,233,137]} 1. c4 e6 2. Nf3 d5 3. e3 Nf6 4. Nc3 a6 5. b3 c5 6. Bb2 Nc6 7. cxd5 exd5 8. d4 Bd6 9. Be2 O-O 10. O-O cxd4 11. Nxd4 Re8 12. Bf3 {D32: Tarrasch Defence: Sidelines and lines without g3} (12. g3 Bh3 13. Re1 Nxd4 14. Qxd4 Be5 15. Qh4 Bf5 16. Red1 Ne4 17. Qxd8 Raxd8 18. Rac1 Nxc3 19. Bxc3 Bxc3 20. Rxc3 {½-½ (33) Vignesh,N (2399)-Adhiban,B (2627) Pune 2015}) 12... Ne5 13. Bxd5 Neg4 14. Nf3 {White is better.} Nxh2 (14... Qe7 $16) 15. Nxh2 $146 {White is clearly better.} ({Predecessor:} 15. Ng5 Nxd5 16. Qh5 Nf6 17. Qxf7+ Kh8 18. Nd5 Be6 19. Nxe6 Rxe6 20. Nxf6 Rxf6 21. Bxf6 gxf6 {½-½ (28) Vidonyak,R (2426)-Galdunts,S (2464) Germany 2000}) 15... Bxh2+ 16. Kxh2 {Threatens to win with Bf3.} Ng4+ {[#]} 17. Kg3 $1 ({Weaker is} 17. Kg1 Qh4 $14) 17... Qd6+ 18. Kf3 {Strongly threatening Bxf7+!} Qh6 (18... Qe5 $142) 19. Qd4 {Hoping for Ke2.} Qh5 {[#] ( -> ...Nxe3+)} 20. Rh1 (20. e4 $1 $18) 1-0

[Event "Levitov Chess Week Rapid 2019"]
[Site "Amsterdam"]
[Date "2019.08.06"]
[Round "7.4"]
[White "Gelfand, Boris"]
[Black "Giri, Anish"]
[Result "1/2-1/2"]
[WhiteElo "2676"]
[BlackElo "2779"]
[Annotator "TA"]
[PlyCount "135"]
[EventDate "2019.08.04"]
[EventType "tourn"]
[EventCountry "NED"]
[SourceTitle "playchess.com"]
[Source "ChessBase"]
[SourceQuality "1"]

{[%evp 9,135,11,13,15,35,15,7,9,14,0,0,-8,0,0,0,0,0,0,37,34,53,19,20,18,24,15,32,23,38,47,45,0,20,18,64,0,68,75,62,59,56,25,22,6,57,67,64,58,66,68,220,218,194,167,152,140,134,101,85,37,25,37,29,28,40,42,86,95,83,91,87,54,60,72,97,113,118,23,55,26,89,87,87,34,32,38,52,21,21,9,12,8,33,34,35,35,37,0,0,0,8,8,10,8,8,8,8,8,20,14,27,0,0,0,0,0,0,0,0,0,0,0,0,0,0,0,0,0]} 1. d4 d5 2. c4 c6 3. Nf3 Nf6 4. g3 g6 5. Bg2 Bg7 6. b3 {D73: Fianchetto Grünfeld: 5 Nf3} O-O 7. Bb2 dxc4 8. bxc4 c5 9. Qc1 cxd4 10. Nxd4 Nc6 11. Nxc6 bxc6 12. Nd2 {[%cal Bb1d2,Bd2b3,Bb3c5][%mdl 32]} Qc7 $146 ({Predecessor:} 12... Bg4 13. h3 Be6 {½-½ (24) Gelfand,B (2728)-Giri,A (2775) Geneva 2017}) 13. O-O Bg4 14. Nb3 a5 15. Qe3 a4 16. Nc5 Bf5 17. Be5 Qc8 {Threatens to win with ...Ng4.} 18. Qc3 Bh3 19. e4 Rd8 20. Rab1 Bxg2 21. Kxg2 Ne8 22. Rb4 (22. Rfd1 $14) 22... f6 (22... Ra5 $11 23. Bxg7 Rxc5) 23. Bf4 $14 e5 24. Be3 $36 {[%mdl 2048] Black is under pressure.} Bf8 25. a3 Nd6 26. Qc2 Nf7 (26... f5 $11) 27. Rxa4 Rxa4 28. Nxa4 Bxa3 29. c5 {Strongly threatening Qb3.} Bb4 $2 (29... f5 $1 $14) 30. Nb6 $18 Qa6 31. Qb3 Qa3 32. Qxa3 Bxa3 33. Rb1 Rd3 34. Kf1 Ng5 $1 35. Ke2 Rc3 36. Nd7 Nxe4 37. Rb7 Bxc5 38. Bxc5 Nxc5 39. Nxf6+ $14 {[%mdl 4160] Endgame Double Attack. KRN-KRN} Kf8 40. Rxh7 Rc2+ 41. Kf3 e4+ {[#]} 42. Ke3 $1 Rc3+ {[#]} 43. Kd4 ({White should try} 43. Kf4 $1 $16 {[%cal Rf4g5] Hoping for Kg5.} Ne6+ 44. Ke5) 43... Rf3 $1 $11 {next ...Ne6+ is good for Black.} 44. Ng4 Rf5 (44... Ne6+ $11 45. Ke5 Ng5) 45. Ra7 g5 46. Ne5 ({Better is} 46. Rc7 $16) 46... Ne6+ $14 47. Kxe4 Rxf2 48. Ng6+ Kg8 49. Ke5 Ng7 50. g4 Rxh2 51. Ne7+ Kf8 {...Re2+ is the strong threat.} 52. Kf6 Ne8+ 53. Kg6 {And now Nf5 would win.} Re2 54. Nf5 {White threatens Rf7+ and mate.} Re6+ 55. Kxg5 Nf6 56. Nd4 Rd6 {aiming for ...Ne4+.} 57. Ra8+ Kf7 58. Nf5 Re6 59. Nh6+ Ke7 60. Kf5 Nd7 {The position is equal.} 61. g5 Re1 62. Ra7 Rf1+ 63. Kg6 Ke6 64. Ng4 Rg1 65. Ra4 Rxg4 {[%mdl 64] Remove Defender, Decoy} 66. Rxg4 Ne5+ {[%mdl 64] Double Attack} 67. Kh5 Nxg4 68. Kxg4 {Accuracy: White = 56%, Black = 58%.} 1/2-1/2